Principles of direct and database

সংরক্ষণ করুন:
গ্রন্থ-পঞ্জীর বিবরন
প্রধান লেখক: Tapp, Alan
বিন্যাস: গ্রন্থ
ভাষা:Undetermined
প্রকাশিত: New York Prentice Hall 2005
বিষয়গুলি:
ট্যাগগুলো: ট্যাগ যুক্ত করুন
কোনো ট্যাগ নেই, প্রথমজন হিসাবে ট্যাগ করুন!
Thư viện lưu trữ: Trung tâm Học liệu Trường Đại học Cần Thơ
LEADER 00504nam a2200193Ia 4500
001 CTU_88920
008 210402s9999 xx 000 0 und d
020 |c 704000 
082 |a 658.872 
082 |b T174 
100 |a Tapp, Alan 
245 0 |a Principles of direct and database 
245 0 |c Alan Tapp 
260 |a New York 
260 |b Prentice Hall 
260 |c 2005 
650 |a Direct marketing,Database marketing 
904 |i Truc 
980 |a Trung tâm Học liệu Trường Đại học Cần Thơ